000 00878nam a2200253 a 4500
001 BRCA_2590
005 20190320203859.0
008 281108s1916----gw-a---###---#000-0#ger-u
050 4 _aNE885
_b.S56 1916
100 1 _aSinger, Hans Wolfgang
_97397
245 1 0 _aHandbuch für Kupferstichsammlungen
_bvorschläge zu deren Anlage und Fuhrung
_cvon Hans Wolfgang Singer.
260 _aLeipzig, Alemania
_bK. W. Hiersemann
_c1916
300 _a272 p.
_bil., fotos
_c24 cm.
440 0 _aHiersemanns Handbucher
_97398
500 _aIncluye índice de ilustraciones e índice analítico.
500 _aA55
504 _aBibliografía: p. 175-179
650 1 4 _aGrabados
_xColeccionistas y colecciones
_97355
650 1 4 _aGrabados
_vBibliografía
_97399
650 1 4 _aColeccionistas y colecciones
_97400
700 1 _aKupferstichsammlungen
_97401
902 _aGFM
942 _2lcc
_cB
999 _c2330
_d2330